| 000 | 00439cab a2200193 4500 | ||
|---|---|---|---|
| 001 | X629 | ||
| 008 | 090401t1993 xxu||||| |||| 00| 0 eng d | ||
| 035 | _a(Sirsi) u66641 | ||
| 041 | _aeng | ||
| 245 | _aProfile: tailor made | ||
| 260 | _c1993 | ||
| 350 | _a0 | ||
| 490 |
_aNew Builder _v(171) 23 Apirl 1993, 20-22(3) |
||
| 650 | _aJOE DWYER | ||
| 650 | _aWIMPEY | ||
| 690 | _aBUILT ENVIRONMENT | ||
| 942 | _n0 | ||
| 948 | _c04/03/1997 | ||
| 999 |
_c41623 _d41623 |
||